- García Borrón, Juan Carlos
Entry Nombre Personal
001 - NUMERO DE CONTROL
- campo de control: 45050
003 - IDENTIFICADOR DE NUMERO DE CONTROL
- campo de control: DLC
005 - FECHA Y HORA DE LA ÜLTIMA TRANSACCIÓN
- campo de control: 20220623120925.0
008 - DATOS DE LONGITUD FIJA
- campo de control de longitud fija: 220623n| azannaabn |a aaa
010 ## - NÚMERO DE CONTROL DE LA BIBLIOTECA DEL CONGRESO
- Número de control LC: n 88092429
035 ## - NUMERO DE CONTROL
- Número de control: (OCoLC)oca02329602
035 ## - NUMERO DE CONTROL
- Número de control: (CaEvSKY)skya3169092
040 ## - FUENTE DE CATALOGACIÓN
- Agencia original de catalogación: DLC
- Lenguaje de catalogación: spa
- Description conventions: rda
- Agencia de transcripción: DLC
- Agencia que lo modifica: OCoLC
- Agencia que lo modifica: DLC
- Agencia que lo modifica: MX-SlUA
- Agencia que lo modifica: MX-MxUPN
100 1# - ENCABEZAMIENTO - NOMBRE PERSONAL
- Nombre personal: García Borrón, Juan Carlos
374 ## - OCUPACIÓN
- Occupation: Traductores
- Fuente del término: lemb
377 ## - LENGUA ASOCIADA
- Language code: spa
400 1# - VEÁSE - NOMBRE DE PERSONA
- Personal name: Borrón, Juan Carlos García
400 1# - VEÁSE - NOMBRE DE PERSONA
- Personal name: García-Borrón Moral, Juan C.
- Fuller form of name: (Juan Carlos)
670 ## - FUENTE EN LA QUE SE LOCALIZARON DATOS
- Cita de la fuente: En su obra La filosofía y las ciencias, c1987:
- Información localizada: portada (Juan Carlos García Borrón) página 4 de la cubierta (profesor, Instituto Montserrat de Barcelona)
670 ## - FUENTE EN LA QUE SE LOCALIZARON DATOS
- Cita de la fuente: LC data base, 7-18-88
- Información localizada: (Encabezamiento.: García Borrón, Juan Carlos)
670 ## - FUENTE EN LA QUE SE LOCALIZARON DATOS
- Cita de la fuente: España siglo XX, 2004:
- Información localizada: portada (Juan Carlos García-Borrón) página 4 de la cubierta (1924-2003)
670 ## - FUENTE EN LA QUE SE LOCALIZARON DATOS
- Cita de la fuente: LC data base, May 19, 2005
- Información localizada: (Old cat. hdg.: García-Borrón Moral, Juan C.)
670 ## - FUENTE EN LA QUE SE LOCALIZARON DATOS
- Cita de la fuente: Sobre la naturaleza del significado, 1968:
- Información localizada: portada (translator Juan Carlos García Borrón)
670 ## - FUENTE EN LA QUE SE LOCALIZARON DATOS
- Cita de la fuente: Discurso del método, 1984:
- Información localizada: reverso de la portada (Juan Carlos García Borrón)
902 ## - CATALOGADOR
- Catalogador: VAGG/230622
